Entry Personal Name
Number of records used in: 2
001 - CONTROL NUMBER
003 - CONTROL NUMBER IDENTIFIER
005 - DATE AND TIME OF LATEST TRANSACTION
- control field:
20191112094322.0
008 - FIXED-LENGTH DATA ELEMENTS
- fixed length control field:
800208n| azannaabn |a aaa
010 ## - LIBRARY OF CONGRESS CONTROL NUMBER
- LC control number:
n 50000826
035 ## - SYSTEM CONTROL NUMBER
- System control number:
(OCoLC)oca00036532
040 ## - CATALOGING SOURCE
- Original cataloging agency:
DLC
- Language of cataloging:
eng
- Transcribing agency:
DLC
- Modifying agency:
DLC
- Modifying agency:
Uk
- Modifying agency:
DLC
- Description conventions:
rda
- Modifying agency:
CaNfSM
046 ## - SPECIAL CODED DATES
100 1# - HEADING--PERSONAL NAME
- Personal name:
Parekh, Bhikhu C.
370 ## - ASSOCIATED PLACE
- Place of birth:
Amalsad (India)
372 ## - FIELD OF ACTIVITY
- Field of activity:
Political science
- Source of term:
lcsh
374 ## - OCCUPATION
- Occupation:
Political theorist
375 ## - GENDER
378 ## - FULLER FORM OF PERSONAL NAME
- Fuller form of personal name:
Bhikhu Chotalal
400 1# - SEE FROM TRACING--PERSONAL NAME
- Personal name:
Parekh, B. C.
- Fuller form of name:
(Bhikhu C.)
400 1# - SEE FROM TRACING--PERSONAL NAME
- Personal name:
Parekh, Bhikhu
670 ## - SOURCE DATA FOUND
- Source citation:
Politics and experience: essays presented to Prof. Michael Oakeshott. 1968.
670 ## - SOURCE DATA FOUND
- Source citation:
Author's Hannah Arendt and the search for a new political philosophy, 1981:
- Information found:
t.p. (Bhikhu Parekh)
670 ## - SOURCE DATA FOUND
- Source citation:
Political discourse, 1986:
- Information found:
CIP t.p. (Bhikhu Parekh) data sheet (b. 1/4/35)
670 ## - SOURCE DATA FOUND
- Source citation:
nuc90-18565: Politics and experience, 1968
- Information found:
(hdg. on OKentU rept.: Parekh, B. C.; usage: B.C. Parekh)
670 ## - SOURCE DATA FOUND
- Source citation:
ALCS database, 26 Feb. 2007
- Information found:
(Parekh, Bhikhu, b. 4 Jan. 1935)
670 ## - SOURCE DATA FOUND
- Source citation:
Wikipedia, March 24, 2014
- Information found:
(Bhikhu Chotalal Parekh, Baron Parekh, born 4 January 1935 in Amalsad, Gujarat is a political theorist)